| 000 | 00525nam a2200169 i 4500 | ||
|---|---|---|---|
| 001 | 22962 | ||
| 003 | ES-MaACL | ||
| 005 | 20230906152803.0 | ||
| 007 | t| | ||
| 008 | 021205s1942 sp ||||1| spa d | ||
| 100 | 1 |
_aAlsdorf, Ludwig. _920476 |
|
| 245 | 1 | 0 |
_aIndia / _cpor Ludwig Alsdorf ; traducción directa del alemán por Luis de Navia. |
| 260 |
_aMadrid : _bEdic. España, _c1942 ( _fImp. de Galo Sèz) |
||
| 300 |
_a237 p. : _bil. ; _c26 cm. |
||
| 700 | 1 |
_aNavia, Luis de. _985230 |
|
| 852 |
_aES-MaACL _jF-15474 _bR.19706 |
||
| 999 |
_c22962 _d22962 |
||